100 plus grandes villes de Nouvelle-Zélande avec une carte - Statistiques

Statistiques générales
  • Ce quiz a été pris 155 fois
  • Le résultat moyen est 16 sur 100
Réponses sur la Carte
Les réponses sont colorées sur une échelle allant du rouge au vert en fonction du pourcentage des utilisateurs qui les ont devinées à leur premier essai. Vous pouvez retrouver ces pourcentages ci-dessous.
 
Statistiques - réponses
population inclure ville % Correct
418 500 Upper Hutt, Lower Hutt, Porirua Wellington
100%
1 638 800 Hibiscus Coast, Waiheke Island, Beachlands, Huapai Auckland
96%
407 600 Kaiapoi, Lyttelton, Prebbleton, Woodend Christchurch
82%
122 000 Mosgiel Dunedin
51%
203 100 Hamilton
48%
67 500 Richmond Nelson
47%
19 540 Lake Hayes Queenstown
45%
51 200 Invercargill
38%
63 900 Napier
35%
59 500 Ngongotaha Rotorua
35%
24 700 Taupo
34%
141 600 Papamoa, Omokoroa Tauranga
32%
37 200 Gisborne
30%
58 300 New Plymouth
30%
8890 Wanaka
27%
58 800 Whangarei
27%
89 500 Ashhurst Palmerston North
26%
31 600 Renwick Blenheim
25%
70 600 Havelock North Hastings
25%
9700 Greymouth
21%
2150 Kaikoura
21%
2140 Te Anau
21%
40 900 Whanganui
21%
29 100 Timaru
20%
13 950 Oamaru
19%
20 200 Ashburton
17%
5510 Alexandra
16%
9910 Gore
16%
8450 Motueka
15%
4350 Picton
15%
2950 Arrowtown
14%
5160 Cromwell
14%
7520 Kerikeri
14%
3590 Hokitika
13%
7920 Matamata
13%
7350 Thames
13%
3960 Westport
13%
42 700 Paraparaumu, Waikanae Kapiti Coast
12%
31 400 Pukekohe
12%
21 200 Levin
11%
22 200 Masterton
11%
18 300 Rangiora
11%
16 250 Rolleston
11%
20 600 Cambridge
10%
2500 Geraldine
10%
5860 Kaitaia
10%
7870 Morrinsville
10%
3320 Turangi
10%
2370 Winton
10%
5180 Dargaville
9%
12 150 Hawera
9%
6100 Lincoln
9%
3310 Raglan
9%
8350 Te Puke
9%
5740 Stratford
8%
17 500 Kihikihi Te Awamutu
8%
4370 Temuka
8%
19 750 Ohope Beach Whakatane
8%
3990 Balclutha
7%
3630 Inglewood
7%
4320 Opotiki
7%
7040 Waitara
7%
4890 Warkworth
7%
5080 Whitianga
7%
2230 Darfield
6%
4560 Kaikohe
6%
5150 Waihi
6%
2890 Waimate
6%
4290 Wairoa
6%
9780 Waiuku
6%
2100 Wellsford
6%
5320 Carterton
5%
5360 Dannevirke
5%
2480 Featherston
5%
16 850 Feilding
5%
4720 Foxton
5%
3150 Helensville
5%
4710 Katikati
5%
6410 Otaki
5%
2170 Oxford
5%
4410 Paeroa
5%
4640 Te Kuiti
5%
14 050 Tokoroa
5%
3960 Whangamata
5%
2380 Greytown
4%
8150 Huntly
4%
7080 Kawerau
4%
2270 Mapua
4%
4950 Marton
4%
6580 Ngaruawahia
4%
2750 Otorohanga
4%
2570 Pahiatua
4%
4100 Putaruru
4%
5040 Snells Beach
4%
4720 Taumarunui
4%
4350 Te Aroha
4%
2220 Waihi Beach
4%
2160 Waipawa
4%
4220 Waipukurau
4%
2360 Wakefield
3%
Aucun quiz correspondant
Distribution des résultats
% des personnes avec chaque résultat
Percentile par nombre de réponses
Votre historique - résultats
Vous n’avez pas pris ce quiz